| 000 | 01184nam a22003497a 4500 | ||
|---|---|---|---|
| 003 | CHAP | ||
| 005 | 20220329132936.0 | ||
| 008 | 971013s1990 r 00010 d | ||
| 010 | _a498 | ||
| 011 | _a1470 | ||
| 035 | _a646 | ||
| 040 | _cCHAP | ||
| 090 | _aTesis | ||
| 100 | 0 | 0 |
_aLeyva Ruelas, Gabriel. _966590 |
| 245 | _aAspecto de la biotecnología en la producción de inoculantes a partir de Rhizobium Leguminosarum bu phaseoli | ||
| 260 |
_aMontecillo, Méx. : _bEl autor, _c1990 |
||
| 300 |
_a129 h. _b; gráfs. |
||
| 500 | _a36-215 | ||
| 502 | _aTesis (Maestro en Ciencias Esp. en Edafología) -- C.P. Centro de Edafología | ||
| 590 |
_aALEPH _b10 _c20130110 _lUCH01 _h1205 |
||
| 590 |
_aBATCH-UPD _b10 _c20130110 _lUCH01 _h1957 |
||
| 590 |
_aBATCH-UPD _b10 _c20130410 _lUCH01 _h1317 |
||
| 590 |
_aBATCH-UPD _b10 _c20130914 _lUCH01 _h0639 |
||
| 590 |
_aCONVERSION _b10 _c20130109 _lUCH01 _h1302 |
||
| 650 | 1 | 4 |
_aBiotecnología. _912878 |
| 650 | 1 | 4 |
_aLegumbres _xInoculación. _965732 |
| 650 | 1 | 4 |
_aRhizobium leguminosarum. _997126 |
| 901 | _aBK | ||
| 942 | _cFOLL | ||
| 949 |
_bBC _cTES _d-10102 _eTS1 _h22706 _i646 _si |
||
| 949 |
_bBC _cTES _d33724000903431 _eTS2 _fc.2 _h22707 _i646 _si |
||
| 999 |
_c498 _d498 |
||